[Event "Guwahati op 1st"]
[Site "Guwahati"]
[Date "2022.03.15"]
[Round "2"]
[White "Dutta, Samaritan"]
[Black "Franco Valencia, Angela Maria"]
[Result "1/2-1/2"]
[WhiteElo "1602"]
[BlackElo "2116"]
[PlyCount "110"]
[EventDate "2022.03.14"]
[EventType "swiss"]
[EventRounds "10"]
[EventCountry "IND"]
[SourceTitle "CBM 207 Extra"]
[Source "ChessBase"]
[SourceDate "2022.05.31"]
[SourceVersion "1"]
[SourceVersionDate "2022.05.31"]
[SourceQuality "1"]

1. e4 c5 2. Nf3 d6 3. g3 Nf6 4. d3 Nc6 5. Bg2 g6 6. 0-0 Bg7 7. Nbd2 0-0 8. Re1 Qc7 9. c3 Rb8 10. a4 a6 11. d4 cxd4 12. Nxd4 Nxd4 13. cxd4 Bg4 14. Nf3 Rbc8 15. h3 Bd7 16. Bd2 d5 17. e5 Ne4 18. Bb4 Qc2 19. Nd2 Qxb2 20. Nxe4 Qxb4 21. Nc5 Bf5 22. g4 Be4 23. Bxe4 dxe4 24. Rb1 Qc4 25. Nd7 Rcd8 26. Nxf8 Rxd4 27. Qb3 Kxf8 28. Qxc4 Rxc4 29. Rec1 Rxc1+ 30. Rxc1 Bxe5 31. Rc4 b5 32. Rxe4 Bc3 33. axb5 axb5 34. Re3 b4 35. Kf1 Bd4 36. Re4 e5 37. Re1 b3 38. Ke2 b2 39. f3 Ke7 40. Kd3 f5 41. gxf5 gxf5 42. f4 Kf7 43. fxe5 Bxe5 44. Ke3 Bg7 45. Kd3 Bh6 46. Kc2 Bc1 47. Rd1 Kg6 48. Rd7 h6 49. Rb7 Kg5 50. Kd1 Kh4 51. Rb3 f4 52. Ke2 Kg5 53. Kf3 Kf5 54. Rb5+ Ke6 55. Rxb2 Ke5 1/2-1/2